000
00329nam a2200121Ia 4500
008
170224s9999 xx 000 0 und d
245
_a
Sex differences in the etiology of psychopathic traits in youth.
260
_b
Journal of Abnormal Psychology
260
_c
2014
300
_a
123:2
500
_a
May
650
_x
Psychology.
999
_c
316681
_d
316681